000 00585nam a2200217 a 4500
999 _c3287
_d3287
001 3287
003 BD-JhCC
005 20171112173106.0
008 171108s1379 |||| ||a| 000 0 ben d
035 _a(BD-JhCC)
040 _aBD-JhCC
_dBD-JhCC
041 _aben
082 _a891.443
_bKAR 1379
100 _aকর, বিমল
245 _aঅসময় /
_cবিমল কর
260 _aকলিকাতা :
_bআনন্দ পাবলিশিং;
_c১৩৭৯.
300 _a216 p. :
_c21 cm.
650 _aBengali Novel
942 _2ddc
_cBK